Statistics for Movies that Start with I

Click here to take the quiz!

General Stats

  • This quiz has been taken 54,672 times
    (30,259 since last reset)
  • The average score is 10 of 17

Answer Stats

DescriptionMovie% Correct
Genius playboy billionaire invents a weaponized body suitIron Man
95%
Fedora-wearing archeologists must stop the Nazis from obtaining a holy relicIndiana Jones and the
Last Crusade
87%
Sabre-tooth squirrel and pals migrate south to find warmer weatherIce Age
86%
Town is tormented by an evil spirit that takes the form of a clownIt
85%
Family of superheroes must live as regular schmucks until they are
called upon to stop a villain
Incredibles, the
75%
A preeteen girl has a brain controlled by five emotions: joy, sadness, anger,
fear, and disgust
Inside Out
70%
Aliens easily destroy most of the Earth's major cities, but are somehow defeated
by fighter pilots and a computer hacker
Independence Day
68%
Dream technician goes into dream land to steal information but maybe gets stuck thereInception
67%
Team of American Nazi hunters plot to kill Hitler at a French movie theaterInglourious Basterds
62%
Astronauts must travel through a worm hole to find a new home for mankindInterstellar
62%
Teenagers run over a man in their car and dump him in the ocean -
but someone was watching
I Know What You Did
Last Summer
50%
Giant alien robot befriends boy in small town MaineIron Giant, the
48%
Last uninfected person in New York City must find a cure for the vampire virusI Am Legend
42%
President inspires rugby team to win the big game and heal a nationInvictus
42%
Corrupt billionaire offers a couple $1,000,000 for a single night of passion with the wifeIndecent Proposal
36%
After five hundred years of evolution, everyone on the planet is a complete moronIdiocracy
30%
Alien pod people hijack human bodiesInvasion of the
Body Snatchers
22%

Score Distribution

Percentile by Number Answered

Percent of People with Each Score

Your Score History

You have not taken this quiz since the last reset